000
00264nam a2200109Ia 4500
008
200302s9999 xx 000 0 und d
100
_a
Uje Lee
245
_a
Celebrating the Ciry Urvan Facilities
260
_b
C3 Publishing Co.
260
_c
2008
300
_a
293 P.,
999
_c
2648
_d
2648